Essential grammar in use
Guardat en:
| Autors principals: | , |
|---|---|
| Format: | Llibre |
| Idioma: | anglès italià |
| Publicat: |
Nueva York
Cambridge University
1997
|
| Edició: | 2a. ed |
| Matèries: | |
| Etiquetes: |
Afegir etiqueta
Sense etiquetes, Sigues el primer a etiquetar aquest registre!
|
MARC
| LEADER | 00000nam a2200000 a 4500 | ||
|---|---|---|---|
| 001 | UCM9553 | ||
| 003 | CL-VaPUC | ||
| 008 | 030502e19970000US |||||||||||||||||eng|d | ||
| 041 | 0 | 7 | |a eng |2 CL-VaPUC |
| 041 | 0 | 7 | |a ita |2 CL-VaPUC |
| 082 | 0 | 4 | |a 425 |b MUR |2 21 |
| 100 | |a Murphy, Raymond |e author |9 558575 | ||
| 700 | 0 | |a Pallini, Lelio |e author |9 476074 | |
| 245 | 1 | 0 | |a Essential grammar in use |
| 246 | 1 | 0 | |a Grammatica di base della lingua inglese |
| 250 | |a 2a. ed | ||
| 300 | |a 269 p | ||
| 942 | |c BK | ||
| 945 | |d 20030502 00:00:00 |a vberengu | ||
| 260 | |a Nueva York |b Cambridge University |c 1997 | ||
| 650 | 7 | |a INGLES GRAMATICA |2 CL-VaPUC |9 313180 | |
| 650 | 0 | |a Inglés |9 260023 | |
| 583 | |a last modification |c 20030502 00:00:00 |k Rodrigo Vera | ||
| 999 | |c 303753 |d 303751 | ||
| 952 | |0 0 |1 0 |2 ddc |4 0 |6 425_000000000000000_MUR_1997 |7 0 |8 A |9 365274 |a BIBING |b BIBING |c RES |d 2019-11-21 |i 3901262 |l 2 |m 2 |o 425 MUR 1997 |p 3901262 |r 2025-01-20 |s 2024-09-11 |w 2019-11-21 |y BK |k ING | ||
| 952 | |0 0 |1 0 |2 ddc |4 0 |6 425_000000000000000_MUR_1997 |7 0 |8 A |9 365275 |a BIBING |b BIBING |c RES |d 2019-11-21 |i 3901270 |o 425 MUR 1997 |p 3901270 |r 2025-01-20 |w 2019-11-21 |y BK |k ING | ||